| 000 | 01572nam0a2200325 4500 | ||
|---|---|---|---|
| 001 | RU\NLR\BIBL_A\011932573 | ||
| 005 | 20190320105221.0 | ||
| 021 |
_aRU _bКН-П-18-101178 _9КН-П-18-7335 |
||
| 035 | _a(NLR Aleph) 011932573 | ||
| 035 | _a(RuMoRGB)009850983 | ||
| 090 |
_a11045747 _c11045747 |
||
| 100 | _a20190208d2017 u y0rusy50 ca | ||
| 101 | 0 | _arus | |
| 102 | _aRU | ||
| 105 | _aa zzzz||||yz | ||
| 200 | 1 |
_aКритический анализ медицинской литературы _eметодические рекомендации _fПравительство Москвы, Департамент здравоохранения города Москвы _g[сост.: д.м.н., проф. Г. Р. Касян и др.] |
|
| 210 |
_aМосква _cАБВ-пресс _d2017 |
||
| 215 |
_a29 с. _cил. _d21 |
||
| 300 | _aНа обл. авт.: Г.Р. Касян, А.В. Говоров, К.Б. Колонтарев, Д.Ю. Пушкарь | ||
| 320 | _aБиблиогр.: с. 28-29 (22 назв.) | ||
| 606 | 1 |
_aМедицина _jМетодические пособия _xИнформация научная _xКритический анализ _92403070 _3RU\NLR\AUTH\6601651929 |
|
| 686 | 1 | _aР.ф.в518я8 | |
| 702 | 1 |
_aКасян _bГ. Р. _gГеворг Рудикович _4220 |
|
| 712 | 0 | 1 |
_4570 _aМосква _bДепартамент здравоохранения _9604397 _3RU\NLR\AUTH\8810052020 |
| 942 | _cBOOK | ||
| 980 | _aNBR | ||
| 980 | _aNB | ||